| 000 | 00748nam a2200205 4500 | ||
|---|---|---|---|
| 001 | 117591 | ||
| 003 | ES-MaACL | ||
| 005 | 20250801063034.0 | ||
| 007 | t| | ||
| 008 | 070214s1945 sp r ||||1| spa d | ||
| 100 | 1 |
_aPedro Pons, A., _d1898-1971 _989929 |
|
| 245 | 1 | 0 |
_aPatología y clínica de la Linfogranulomatois maligna / _cProf. A. Pedro Pons y Dr. P. Tarreras Valentí. |
| 260 |
_aBarcelona : _bModesto Usón, _c1945. |
||
| 300 |
_a261 p. 23 láms. 1 gráf. pleg. ; _c26 cm. |
||
| 490 | 1 | _aBiblioteca de actualidades en medicina práctica | |
| 700 | 1 |
_aTarreras Valentí, P. _9109341 |
|
| 830 | 0 |
_aBiblioteca de actualidades en medicina práctica _9187256 |
|
| 852 |
_aES-MaACL _jE-42 _bR.22102 |
||
| 999 |
_c117591 _d117591 |
||